Score 0/24 Timer 03:00
1 Play Today
Clue 4-Letter Word % Correct
To feel great affection forLOVE
96%
• Always two there are, no _____, no less. •MORE
94.7%
Broadcasting at the actual time of occurrenceLIVE
94.5%
An actor's part in a play or movieROLE
92.5%
• Fear is the path to the dark _____. •SIDE
91.8%
A small, dark, slightly raised spot on the skinMOLE
91.7%
• Train yourself to let go of everything you fear to _____. •LOSE
91.2%
• Much anger in him. _____ his father. •LIKE
90.9%
A specific quantity of medicineDOSE
90.2%
To sit and travel on the back of an animal that one directsRIDE
89.5%
Offensively impolite or ill-manneredRUDE
88.7%
• Truly wonderful the _____ of a child is. •MIND
85.2%
Clue 4-Letter Word % Correct
Gruesomeness depicted in vivid detailGORE
85.2%
• You _____ unlearn what you have learned. •MUST
84.5%
Trigonometric function of an angleSINE
84.2%
• At an end your _____ is, and not short enough it was. •RULE
84%
• Use your feelings, Obi-Wan, and _____ him you will. •FIND
83.5%
• Always with you it cannot be _____. •DONE
82.6%
A place where coins, medals or tokens are madeMINT
82.4%
• The boy you trained, ____ he is, consumed by Darth Vader. •GONE
81.5%
Of high qualityFINE
81.4%
To spray with a finely diffused jet of waterMIST
81.3%
A passionate desire for somethingLUST
79.9%
• When gone am I, the _____ of the Jedi will you be. •LAST
76.7%

Today's Daily Dose

Missing Word
I Hardly Know Her!

Word Ladder
Sentence Ending

Quick Pick
Female Firsts

Get the Picture
Triathlon Sports

Remove Ads.
Support Sporcle.
Get the best of Sporcle when you Go Orange. This ad-free experience offers more features, more stats, and more fun while also helping to support Sporcle. Thank you for becoming a member.

You're not logged in!

Compare scores with friends on all Sporcle quizzes.
OR
Log In

Show Comments

Extras

Top Quizzes Today


Score Distribution

Your Account Isn't Verified!

In order to create a playlist on Sporcle, you need to verify the email address you used during registration. Go to your Sporcle Settings to finish the process.

Report this User

Report this user for behavior that violates our Community Guidelines.

Details: